[Event "Balatonalmadi Pannonia Cup 27th"]
[Site "Balatonalmadi"]
[Date "2019.07.26"]
[Round "4"]
[White "Jonas, Zsolt"]
[Black "Takacs, Laszlo"]
[Result "0-1"]
[WhiteElo "2066"]
[BlackElo "2245"]
[PlyCount "54"]
[EventDate "2019.07.24"]
[EventType "swiss"]
[EventRounds "7"]
[EventCountry "HUN"]
[SourceTitle "CBM 191 Extra"]
[Source "ChessBase"]
[SourceDate "2019.09.30"]
[SourceVersion "1"]
[SourceVersionDate "2019.09.30"]
[SourceQuality "1"]

1. e4 c5 2. Nf3 d6 3. d4 cxd4 4. Nxd4 Nf6 5. Nc3 g6 6. Bc4 Bg7 7. Bb3 0-0 8. f3 Nc6 9. Be3 Bd7 10. Qd2 Nxd4 11. Bxd4 b5 12. g4 a5 13. a4 bxa4 14. Nxa4 Rb8 15. Qe3 Be6 16. Bb6 Qc8 17. 0-0 Bxb3 18. cxb3 Qa6 19. Rfc1 Nd7 20. Rc6 Ne5 21. Rc7 Nxf3+ 22. Kh1 Ne5 23. h3 Qb5 24. Rac1 Nd3 25. Qe2 Qxb3 26. R1c4 Ne5 27. Qc2 Qxh3+ 0-1

[Event "Balatonalmadi Pannonia Cup 27th"]
[Site "Balatonalmadi"]
[Date "2019.07.25"]
[Round "2"]
[White "Jakab, Bela"]
[Black "Jonas, Zsolt"]
[Result "1-0"]
[WhiteElo "2278"]
[BlackElo "2066"]
[PlyCount "123"]
[EventDate "2019.07.24"]
[EventType "swiss"]
[EventRounds "7"]
[EventCountry "HUN"]
[SourceTitle "CBM 191 Extra"]
[Source "ChessBase"]
[SourceDate "2019.09.30"]
[SourceVersion "1"]
[SourceVersionDate "2019.09.30"]
[SourceQuality "1"]

1. e4 c5 2. Nf3 d6 3. Bb5+ Bd7 4. Bxd7+ Nxd7 5. 0-0 g6 6. c4 Bg7 7. Nc3 Ngf6 8. Re1 0-0 9. d4 cxd4 10. Nxd4 Ne5 11. b3 Re8 12. Bg5 Nc6 13. Nde2 h6 14. Bxf6 Bxf6 15. Rc1 Bg7 16. h4 Qa5 17. a4 Qh5 18. Nd5 Rac8 19. g3 Qf3 20. Nef4 Qxd1 21. Rcxd1 e6 22. Ne3 Nd4 23. Kg2 Nxb3 24. Rxd6 Nc5 25. Kf3 Nxa4 26. Re2 a6 27. Nd3 Red8 28. e5 Rxd6 29. exd6 Rc6 30. c5 Kf8 31. Rc2 Nc3 32. Nc4 Nb5 33. Rd2 Nd4+ 34. Kg2 Nb3 35. Rd1 Nxc5 36. Nxc5 Rxc5 37. d7 Bf6 38. d8Q+ Bxd8 39. Rxd8+ Ke7 40. Rd4 b5 41. Nd2 Rd5 42. Rxd5 exd5 43. Nb3 Kd6 44. Kf3 Ke5 45. Ke3 Kd6 46. Kd4 Kc6 47. Kc3 Kb6 48. Kb4 d4 49. Nxd4 a5+ 50. Kc3 h5 51. f3 Kc5 52. Nb3+ Kb6 53. g4 a4 54. Nc1 Kc5 55. Nd3+ Kd5 56. gxh5 gxh5 57. Nf4+ Kc5 58. Nxh5 b4+ 59. Kb2 Kd6 60. Nf4 b3 61. h5 Ke5 62. h6 1-0

[Event "HUN-chT2 Szechenyi 1011"]
[Site "Hungary"]
[Date "2010.10.24"]
[Round "4.3"]
[White "Jonas, Zsolt"]
[Black "Smideliusz, Mark"]
[Result "0-1"]
[WhiteElo "2119"]
[BlackElo "2022"]
[PlyCount "88"]
[EventDate "2010.09.12"]
[EventType "team-tourn"]
[EventRounds "11"]
[EventCountry "HUN"]
[SourceTitle "EXT 2012"]
[Source "ChessBase"]
[SourceDate "2011.11.24"]
[SourceVersion "1"]
[SourceVersionDate "2011.11.24"]
[SourceQuality "1"]
[WhiteTeam "Veszprem"]
[BlackTeam "Sarvar"]
[WhiteTeamCountry "HUN"]
[BlackTeamCountry "HUN"]

1. e4 e5 2. Nf3 Nc6 3. d4 exd4 4. Bc4 d6 5. Nxd4 Ne5 6. Be2 Nf6 7. Nc3 Be7 8. f4 Ng6 9. Be3 0-0 10. g4 Re8 11. Qd3 Nxg4 12. 0-0-0 Nxe3 13. Qxe3 Nxf4 14. Kb1 Nxe2 15. Qxe2 Bf6 16. Qf3 c6 17. Nce2 Qe7 18. Ng3 Be5 19. Nh5 g6 20. Rhg1 Kh8 21. Ng3 Be6 22. h4 Qxh4 23. Nde2 Qf6 24. Qe3 Bg4 25. Rdf1 Qg7 26. c3 Bxe2 27. Nxe2 Re6 28. Rd1 a6 29. Rg4 Rae8 30. Rh1 Kg8 31. Qd3 Rf8 32. Qc4 Qf6 33. Qd3 d5 34. exd5 Rd6 35. c4 cxd5 36. c5 Rc6 37. Qh3 Qg7 38. Rh4 h5 39. Rg1 Bxb2 40. Rxh5 Be5 41. Rhg5 Rxc5 42. Rh1 Rfc8 43. a4 Rc2 44. Rxe5 Qxe5 0-1

[Event "HUN-chT2 Szechenyi 1011"]
[Site "Hungary"]
[Date "2010.09.26"]
[Round "2.2"]
[White "Gjuran, Denis"]
[Black "Jonas, Zsolt"]
[Result "1-0"]
[WhiteElo "2357"]
[BlackElo "2119"]
[PlyCount "67"]
[EventDate "2010.09.12"]
[EventType "team-tourn"]
[EventRounds "11"]
[EventCountry "HUN"]
[SourceTitle "EXT 2012"]
[Source "ChessBase"]
[SourceDate "2011.11.24"]
[SourceVersion "1"]
[SourceVersionDate "2011.11.24"]
[SourceQuality "1"]
[WhiteTeam "Alsoszolnok"]
[BlackTeam "Veszprem"]
[WhiteTeamCountry "HUN"]
[BlackTeamCountry "HUN"]

1. e4 c5 2. c3 e6 3. Na3 d6 4. d4 Nd7 5. Nf3 a6 6. Nc2 Ngf6 7. e5 dxe5 8. dxe5 Nd5 9. a4 Qc7 10. Qe2 Ne7 11. Na3 Rb8 12. Bf4 Nd5 13. Bg3 b6 14. Qc2 Bb7 15. Bd3 h6 16. h4 Be7 17. Qe2 Ra8 18. h5 Nb8 19. Nc4 Nc6 20. Nfd2 Bg5 21. Ne4 Nf4 22. Ned6+ Kf8 23. Bxf4 Bxf4 24. Nxb7 Qxb7 25. Qf3 Bg5 26. Be4 Rc8 27. Nd6 Qd7 28. Bxc6 Rxc6 29. Nxf7 Kg8 30. Nxh8 Kxh8 31. Rd1 Qe8 32. 0-0 Rc7 33. Rd6 Qxa4 34. Rxe6 1-0

[Event "HUN-chT2 Asztalos 0910"]
[Site "Hungary"]
[Date "2010.05.02"]
[Round "11"]
[White "Horvath, Viktoria"]
[Black "Jonas, Zsolt"]
[Result "1-0"]
[WhiteElo "2088"]
[BlackElo "2146"]
[PlyCount "73"]
[EventDate "2009.11.08"]
[EventType "team-tourn"]
[EventRounds "11"]
[EventCountry "HUN"]
[SourceTitle "EXT 2011"]
[Source "ChessBase"]
[SourceDate "2010.11.26"]
[SourceVersion "1"]
[SourceVersionDate "2010.11.26"]
[SourceQuality "1"]
[WhiteTeam "Dombovar"]
[BlackTeam "Veszprem"]
[WhiteTeamCountry "HUN"]
[BlackTeamCountry "HUN"]

1. e4 c5 2. d4 e6 3. d5 exd5 4. exd5 d6 5. Nf3 Nf6 6. c4 Be7 7. h3 0-0 8. Bd3 Na6 9. Nc3 Bd7 10. 0-0 Nc7 11. Re1 Re8 12. Bf4 Rb8 13. Ng5 b5 14. Qc2 g6 15. Nce4 bxc4 16. Bxc4 Bf5 17. g4 Bxe4 18. Rxe4 Nxe4 19. Nxe4 f6 20. Qc3 Nb5 21. Qd3 Qb6 22. b4 cxb4 23. Be3 Qb7 24. g5 Kg7 25. Rc1 Rec8 26. Re1 Rd8 27. gxf6+ Bxf6 28. Nxf6 Kxf6 29. Bg5+ Kxg5 30. Qd2+ Kf6 31. Bxb5 Kg7 32. Qg5 Kg8 33. Re7 Qxe7 34. Qxe7 a5 35. Bd7 Rxd7 36. Qxd7 a4 37. Qxa4 1-0

[Event "HUN-chT2 Asztalos 0910"]
[Site "Hungary"]
[Date "2010.03.21"]
[Round "8"]
[White "Jonas, Zsolt"]
[Black "Percze, Janos"]
[Result "0-1"]
[WhiteElo "2146"]
[BlackElo "2241"]
[PlyCount "62"]
[EventDate "2009.11.08"]
[EventType "team-tourn"]
[EventRounds "11"]
[EventCountry "HUN"]
[SourceTitle "EXT 2011"]
[Source "ChessBase"]
[SourceDate "2010.11.26"]
[SourceVersion "1"]
[SourceVersionDate "2010.11.26"]
[SourceQuality "1"]
[WhiteTeam "Veszprem"]
[BlackTeam "Nagyatad"]
[WhiteTeamCountry "HUN"]
[BlackTeamCountry "HUN"]

1. e4 c5 2. Nf3 d6 3. d4 cxd4 4. Nxd4 Nf6 5. Nc3 g6 6. Be2 Bg7 7. Be3 0-0 8. g4 d5 9. e5 Ne4 10. Nxe4 dxe4 11. f4 exf3 12. Bxf3 Qa5+ 13. c3 Qxe5 14. Qe2 Nd7 15. 0-0-0 Qa5 16. Kb1 Ne5 17. h4 Nxf3 18. Qxf3 e5 19. Nb3 Qa4 20. h5 Qxg4 21. Qf2 Qf5+ 22. Kc1 Qxf2 23. Bxf2 gxh5 24. Rd6 Bg4 25. Nc5 Rfd8 26. Nxb7 Rxd6 27. Nxd6 Rd8 28. Bc5 Bf8 29. Nb7 Bh6+ 30. Kc2 Bf5+ 31. Kb3 Rb8 0-1

[Event "Harkany Tenkes Cup 33rd"]
[Site "Harkany"]
[Date "2009.11.30"]
[Round "5"]
[White "Jonas, Zsolt"]
[Black "Goczo, Melinda"]
[Result "0-1"]
[WhiteElo "2141"]
[BlackElo "2223"]
[PlyCount "68"]
[EventDate "2009.11.26"]
[EventType "swiss"]
[EventRounds "9"]
[EventCountry "HUN"]
[SourceTitle "EXT 2011"]
[Source "ChessBase"]
[SourceDate "2010.11.26"]
[SourceVersion "1"]
[SourceVersionDate "2010.11.26"]
[SourceQuality "1"]

1. e4 c6 2. d4 g6 3. c4 d5 4. cxd5 cxd5 5. e5 Nc6 6. Nf3 Bg4 7. Be2 Qb6 8. Nc3 e6 9. Na4 Bb4+ 10. Kf1 Qc7 11. a3 Be7 12. b4 a6 13. Be3 h5 14. Nc5 Nh6 15. h3 Bxf3 16. Bxf3 Nf5 17. Rc1 Qb6 18. Be2 Rc8 19. Qa4 Rc7 20. b5 axb5 21. Qa8+ Bd8 22. a4 0-0 23. a5 Nxa5 24. Bd2 Nc6 25. g4 Nfxd4 26. gxh5 Be7 27. Qa3 Nxe2 28. Kxe2 Nd4+ 29. Kd1 Rxc5 30. Qd3 Rxc1+ 31. Bxc1 Nf5 32. Be3 Qa6 33. Rg1 Qa1+ 34. Bc1 Rc8 0-1